Alluvial fans : an attempt at an empirical approach /

Bibliographic Details
Main Author: Rachocki, Andrzej
Format: Book
Language:English
Published: Chichester ; New York : J. Wiley, [1981]
Subjects:

MARC

Tag First Indicator Second Indicator Subfields
LEADER 00000cam a2200000 a 4500
001 in00000085768
005 20151008053300.0
008 820715s1981 enka b 00110 eng
010 |a  80042061  
015 |a GB*** 
020 |a 0471279994 
035 |a (OCoLC)07724947 
035 |9 AAH6916AM 
039 0 |a 2  |b 3  |c 3  |d 3  |e 3 
040 |a DLC  |c DLC  |d TXA  |d UtOrBLW 
049 |a TXAM  |c [1443332] 
050 0 0 |a GB591  |b  R33 
082 0 |a 551.3/55  |2 19 
100 1 |a Rachocki, Andrzej. 
245 1 0 |a Alluvial fans :  |b an attempt at an empirical approach /  |c  Andrzej Rachocki. 
264 1 |a Chichester ;  |a New York :  |b J. Wiley,  |c [1981] 
264 4 |c ©1981 
300 |a x, 161 pages :  |b illustrations ;  |c 24 cm. 
336 |a text  |b txt  |2 rdacontent 
337 |a unmediated  |b n  |2 rdamedia 
338 |a volume  |b nc  |2 rdacarrier 
500 |a "A Wiley-Interscience publication." 
500 |a Includes index. 
504 |a Bibliography: pages 153-157. 
650 0 |a Alluvial fans. 
999 |a MARS 
999 f f |s ed96f43d-1766-3d6c-a03d-9edc0eb565ec  |i f732549d-e6ae-3564-aa6a-4e91dd848a3f  |t 0 
952 f f |p ric  |a Texas A&M University  |b Rellis Campus  |c Joint Library Facility  |d Remote Storage  |t 0  |e GB591 R33  |h Library of Congress classification  |i unmediated -- volume  |m A14805949117 
998 f f |a GB591 R33  |t 0  |l Remote Storage